00282nam a2200133Ia 4500003000900000008004100009040001300050040001300063245003400076245001100110260001300121300000800134490000600142IT-RoPAU120407s9999 xx 000 0 und d aIT-RoPAU cIT-RoPAU aEnciclopedia pratica Bompiani cAA.VV. aBompiani c cm v2